Nitra

Zobrazenie: Päť čiastkových pohľadov, každý v bielom orámovaní, všetky spolu v striebornom orámovaní. Uprostred je medzi pohľadmi zelezným písmom na bielom podklade názov s podnázvom. Pohľad na chodník v popredí, z oboch strán lemovaný trávnatými plochami, v pozadí je veľká križovatka ulíc, zľava Št...

Full description

Bibliographic Details
Other Authors: Šmátrala, Milan (fotograf) (Photographer), Pavlíková, Soňa (fotografka) (Photographer), Šmátralová, Vlasta (fotografka) (Photographer), Koiš, Ľudovít (fotograf) (Photographer)
Format: Photo
Language:Slovak
PhysicalDescription:1 pohľadnica (5 čiastkových pohľadov) farebná 11 x 15 cm
Published: Bratislava Spektrum 1990
Subjects:

MARC

LEADER 00000ckm a2200000 a 4500
001 vtls001208479
003 SK-MaSNL
005 20260331203615.0
007 kf co
008 230706s1990 xo g 0kuslo
015 |a SNBG1990 
035 |a SNK000151549 
035 |a 42B97066-86CC-4A64-853C-AC4B46C29461 
035 |a urn:nbn:sk:snk-km00gj0o 
040 |a SNK  |b slo  |c SNK  |e AACR2 
041 0 |a slo 
043 |a e-xo--- 
044 |a xo  |c SK 
072 7 |a 913  |x Regionálna geografia  |2 konspekt 
080 |a 913(437.6)  |2 2011 
080 |a 904:72  |2 2011 
080 |a 728.81  |2 2011 
080 |a 726:27-523.42  |2 2011 
080 |a 711.73  |2 2011 
080 |a 640.412  |2 2011 
080 |a 556.53  |2 2011 
080 |a 502.51  |2 2011 
080 |a (282.243)  |2 2011 
080 |a 904(084.121)  |2 2011 
080 |a 908(437.6)  |2 2011 
100 1 |a Šmátrala, Milan  |c (fotograf)  |4 pht  |9 164919 
245 1 0 |a Nitra  |h grafika  |c foto Milan Šmátrala, Soňa Pavlíková, Vlasta Šmátralová, Ľudovít Koiš 
246 1 |i Názov na obrazovej časti:  |a Nitra  |b Agrokomplex 
260 |a Bratislava  |b Spektrum  |c 1990  |e Skalica  |f Grafobal 
300 |a 1 pohľadnica (5 čiastkových pohľadov)  |b farebná  |c 11 x 15 cm 
500 |a Na adresnej časti uvedené: "Nitra - pôv. centrum nitrianskeho kniežatstva a sídelný hrad Veľkej Moravy v r. 830-880. Mestské výsady od r. 1248. V súčastnosti je významným strediskom priemyslu a poľnohospodárstva. Každoročne sa tu koná celoštátna poľnohosodárska výstava Agrokomplex" 
520 8 |a Zobrazenie: Päť čiastkových pohľadov, každý v bielom orámovaní, všetky spolu v striebornom orámovaní. Uprostred je medzi pohľadmi zelezným písmom na bielom podklade názov s podnázvom. Pohľad na chodník v popredí, z oboch strán lemovaný trávnatými plochami, v pozadí je veľká križovatka ulíc, zľava Štefánikovej, vpravo v pozadí vedúcej k Farskej a vpravo v popredí k Palárikovej ulici. Vpravo medzi ulicami vidno Hotel Tatra, pred ním parkuje niekoľko áut. Vľavo od neho vidno poschodovú nárožnú budovu. Vľavo za schodiskom vidno dve veže Piaristického kostola sv. Ladislava, pred ním sú husté listnaté stromy. Pohľad na priestor pred vchodom do výstaviska Agrokomplex plný ľudí. Pohľad na trávnatú plochu v popredí, vľavo vidno listnatý strom, v pozadí je Hotel Olympia. Pohľad na priestor pred vstupom na výstavisko Agrokomplex, vpravo sú vlajky vystavujúcich štátov, pred nimi veľký kosák a kladivo, vľavo vidno množstvo návštevníkov a za nimi nízke aj vysoké budovy výstaviska. Pohľad na rieku Nitru v popredí, v pozadí za ňou vidno poschodové rodinné domy a za nimi na kopci Nitriansky hrad s Bazilikou sv. Emeráma 
610 2 7 |a Hotel Tatra (Nitra, Slovensko)  |2 SNKKA  |9 190095 
610 2 7 |a Piaristický kostol sv. Ladislava (Nitra, Slovensko)  |2 SNKKA  |9 32678 
610 2 7 |a Agrokomplex - Výstavníctvo (Nitra, Slovensko)  |2 SNKKA  |9 31871 
610 2 7 |a Hotel Olympia (Nitra, Slovensko)  |2 SNKKA  |9 663035 
610 2 7 |a Nitriansky hrad  |2 SNKKA  |9 165089 
610 2 7 |a Bazilika sv. Emeráma (Nitra, Slovensko)  |2 SNKKA  |9 153204 
650 0 7 |a ulice  |2 SNKPH  |9 2938 
650 0 7 |a hotely  |2 SNKPH  |9 18422 
650 0 7 |a kostoly  |2 SNKPH  |9 3023 
650 0 7 |a rieky  |2 SNKPH  |9 29644 
650 0 7 |a hrady  |2 SNKPH  |9 3039 
650 0 7 |a baziliky  |2 SNKPH  |9 54566 
650 0 7 |a národné kultúrne pamiatky  |2 SNKPH  |9 31192 
651 7 |a Nitra (Slovensko)  |2 SNKPHgeo  |9 15714 
651 7 |a Štefánikova trieda (Nitra, Slovensko)  |2 SNKPHgeo  |9 190476 
651 7 |a Farská ulica (Nitra, Slovensko)  |2 SNKPHgeo  |9 240195 
651 7 |a Nitra (Slovensko : rieka)  |2 SNKPHgeo  |9 56326 
655 7 |a miestne pohľadnice  |2 SNKPH  |9 70510 
655 7 |a pohľadnice kultúrnych pamiatok  |2 SNKPH  |9 70523 
655 7 |a geografické pohľadnice  |2 SNKPH  |9 70522 
700 1 |a Pavlíková, Soňa  |c (fotografka)  |4 pht  |9 283316 
700 1 |a Šmátralová, Vlasta  |c (fotografka)  |4 pht  |9 283285 
700 1 |a Koiš, Ľudovít  |c (fotograf)  |4 pht  |9 283317 
852 |a Slovenská národná knižnica 
958 |a GBN 
958 |a GC 
958 |a OND 
999 |c 1024482  |d 1026412 
952 |a SNK  |b SNK  |y PREZ  |7 0  |p 17A1409688  |o snkSP 144806  |i snk7093/90  |0 0  |1 0  |4 0  |d 2020-11-09  |f 1  |l 0  |r 2026-02-24 13:34:56  |w 2026-02-24 
952 |a SNK  |b SNK  |y PREZ  |7 0  |p 17A1411514  |o snkSP 144806 D1  |i snk7094/90  |0 0  |1 0  |4 0  |d 2020-11-09  |l 0  |r 2026-02-24 13:34:56  |w 2026-02-24